000 01467cam a2200253 4500
001 ABS67363
008 031218n2003 000 0 eng u
035 _a(Sirsi) u124643
100 _aFyson, A.
245 _aRTPI's national awards scheme
260 _c2003
490 _aPlanning (for the Natural and Built Environment)
_v(1549) 28 November 2003, 14(1)
490 _aPlanning (for the Natural and Built Environment)
_v(1550) 5 December 2003, 19(1)
490 _aPlanning (for the Natural and Built Environment)
_v(1551) 12 December 2003, 17(1)
520 _aA series of three articles on the Royal Town Planning Institute's planning awards finalists. "Team work is key to success" looks at five entries which demonstrate successful partnership achievements ranging from town centre and waterfront renewal to transport and conservation. "Planning in the public eye" introduces six entries which illustrate how planners can open up lines of communication with their local communities. "Vision makes a difference" describes six entries which show how taking a long-term positive view can breath new life into communities. Each entry had to set a model with planners playing a key role.
590 _aABS
650 _aPARTNERSHIPS
650 _aSUSTAINABLE DEVELOPMENT
650 _aTOWN CENTRES
650 _aRURAL DEVELOPMENT
650 _aURBAN REGENERATION
690 _aENVIRONMENTAL AND LAND CONSULTANCY-PLANNING AND DEVELOPMENT
942 _n0
999 _c73968
_d73968